000 00329nam a2200133Ia 4500
005 20260326235451.0
008 260326s9999||||xx |||||||||||||| ||und||
100 _aElek, Paul
245 0 _aArchitect´s yearBook 10 /
_cPaul Elek
260 _bGarden City Press
300 _a86 p.
650 _aARQUITECTURA REGIONAL
942 _cBK
999 _c7784
_d7784